000 00405nam a22001937a 4500
003 UA-OsUOA
001 1705
007 ta
008 20050721b un ||||| |||| 00| 0 ukr d
100 _aBramnick
700 _aLee S.
700 _aSimon
700 _aAnita
942 _cBK
040 _aUA-OsUOA
_cUA-OsUOA
_dUA-OsUOA
245 _aThe parents solution book
_bFiction
955 _a2
650 7 _2UDC
999 _c287867
_d287867